01967 2200493 4500001002100000005001500021035002000036008004100056245002600097100001500123250000600138260003100144300003100175020002200206084001400228520091300242082000801155650001001163990001201173990001201185990001201197990001201209990001201221990001201233990001201245990001201257990001201269990001201281990001201293990001201305990001201317990001201329990001201341990001201353990001201365990001201377990001201389990001201401990001201413990001201425990001201437990001201449990001201461INLIS00000000000013820240502110103 a0010-0424000114240502 1 ind 1 aMatahari /cTere Liye aLiye, Tere a1 aJakarta :bGramedia,c2016 a400 hlm ;c13.5 cm x 20 cm a978-602-033-211-6 a813 TER m aNovel ini merupakan trilogi setelah novel sebelumnya yakni Bumi dan Bulan. Kini anak istimewa itu bernama Ali. Sama dengan Seli dan Raib, ia juga berusia 15 tahun, masih kelas X. Jika orangtuanya mengizinkan, bahkan seharusnya ia sudah duduk di tingkat akhir ilmu fisika program doktor. Bagi Ali, guru dan teman-teman sekelasnya sangat membosankan. Namun hal itu tidak berlangsung lama setelah pada akhirnya teman sekelasnya mengetahui ada hal aneh pada dirinya dan Seli. Kalau Seli bisa mengeluarkan petir, lain halnya dengan Ali, ia bisa berubah menjadi beruang raksasa. Mengetahui bahwa mereka istimewa, mereka kemudian berpetualang ketempat-tempat yang menakjubkan. Ali, sangatlah paham paham bahwa dunia tidaklah sesederhana yang dilihat oleh orang-orang, dan lebih daripada itu, Ali akhirnya mengerti, bahwa persahabatan merupakan hal yang indah yang paling utama. Apa yang sebenarnya terjadi pada Ali? a813 4aFiksi a0732704 a0732705 a0732706 a0732707 a0732708 a0732709 a0732710 a0732711 a0732712 a0732713 a0732714 a0732715 a0732716 a0732717 a0732718 a0732719 a0732720 a0732721 a0732722 a0732723 a0732724 a0732725 a0732726 a0732727 a0732728